000 01724nam a2200313 a 4500
001 BRCA_2412
005 20190320203809.0
008 131108s1744----ne-a---###---#000-0dspa-u
041 _aspa
044 _ane
084 _a053
_b.G69
_c1744
100 1 _aCervantes Saavedra, Miguel de
_d1547-1616
_9213
245 1 0 _aVida y hechos de Ingenioso Hidalgo Don Quixote de la Mancha
_ccompuesto por Miguel de Cervantes Saavedra.
260 _aLa Haya (Holanda)
_bP. Gosse y A. Moetjens
_c1744
300 _a4 v.
_bil.
_c17 cm.
500 _aContenido : v 1. Primera parte. Vida de Cervantes por G. Mayáns I Síscar. Dedicatoria al Barón de Carteret. prólogo del autor. Versos preliminares. Texto. -- v 2. Texto. -- v 3. Segunda parte. Prólogo del autor. Texto. -- v 4. Texto
500 _aEdición : Con muy bellas estampas grabadas sobre los dibujos de Coypel, primer pintor del Rey de Francia
500 _aSigue, salvo ligeras variantes, la edición LO-052, pero suprimiendo las dos dedicatorias de Cervantes. A la esmerada impresión sobre buen papel, supieron los editores unir cierta belleza de las láminas de Coypel, grabadas por Folkema. Bello ejemplar, encuadernado en fina piel parda clara Lúdovik Osterc
500 _aQM39
650 1 4 _aNovela española
_yÉpoca clásica, 1500-1700
_9215
650 1 4 _aLiteratura española
_yÉpoca clásica, 1500-1700
_9216
650 1 4 _aNovela española
_ySiglo XVII
_9217
650 1 4 _aDon Quijote (Personaje ficticio)
_eNovela
_9218
700 1 _aMayáns I Síscar, Gregorio
_d1699-1781
_eBiógrafo
_97095
700 1 _aCoypel, Charles-Antoine
_d1694-1752
_eIlustrador
_97096
740 0 _aEl Ingenioso Hidalgo Don Quijote de la Mancha
902 _aQFM
942 _2lcc
_cB
999 _c2153
_d2153